Problemas conductuales y emocionales en la infancia y la adolescencia (Record no. 207444)
[ view plain ]
| 000 -CABECERA | |
|---|---|
| campo de control de longitud fija | 01601cab a2200301 ab4500 |
| 005 - FECHA Y HORA DE LA ÚLTIMA TRANSACCIÓN | |
| campo de control | 20250826134810.0 |
| 008 - ELEMENTOS DE LONGITUD FIJA--INFORMACIÓN GENERAL | |
| campo de control de longitud fija | 991125c2016 mx qr p o 000 0 spa d |
| 035 ## - NÚMERO DE CONTROL DEL SISTEMA | |
| Número de control de sistema | UPN01000235349 |
| 040 ## - FUENTE DE LA CATALOGACIÓN | |
| Centro catalogador/agencia de origen | MX-MxUPN |
| Lengua de catalogación | spa |
| Centro/agencia transcriptor | MX-MxUPN |
| Normas de descripción | aacr2 |
| 049 ## - COLECCIÓN | |
| Colección | ART-E |
| 100 1# - ASIENTO PRINCIPAL--NOMBRE PERSONAL | |
| Nombre de persona | Barrio, Victoria del |
| Enlace | - vbarrio@psi.uned.es |
| 9 (RLIN) | 31337 |
| 100 1# - ASIENTO PRINCIPAL--NOMBRE PERSONAL | |
| Nombre de persona | Carrasco, Miguel Angel |
| 245 10 - MENCIÓN DE TÍTULO | |
| Título | Problemas conductuales y emocionales en la infancia y la adolescencia |
| 506 0# - NOTA DE RESTRICCIONES AL ACCESO | |
| Limitaciones de acceso | Acceso abierto |
| 520 3# - NOTA DE RESUMEN, ETC. | |
| Sumario, etc. | El presente artículo expone los principales problemas conductuales y emocionales en la infancia y la adolescencia. Se analizan brevemente los diferentes tipos, su frecuencia y los factores asociados a su aparición y mantenimiento. Además se analizan las principales manifestaciones de estas alteraciones tanto en el contexto escolar como familiar. Estas manifestaciones pueden considerarse como buenos indicadores para ser usados en su detección y cribado. Finalmente, se proponen algunas líneas fundamentales para su prevención en el ámbito escolar y familiar. Padres y maestros. |
| 650 #2 - ASIENTO SECUNDARIO DE MATERIA - TERMINO TEMATICO | |
| Término de materia o nombre geográfico como elemento de entrada | Problemas emocionales |
| 9 (RLIN) | 10677 |
| 650 #2 - ASIENTO SECUNDARIO DE MATERIA - TERMINO TEMATICO | |
| Término de materia o nombre geográfico como elemento de entrada | Problemas de conducta |
| 9 (RLIN) | 10674 |
| 650 #2 - ASIENTO SECUNDARIO DE MATERIA - TERMINO TEMATICO | |
| Término de materia o nombre geográfico como elemento de entrada | Prevención |
| 9 (RLIN) | 22662 |
| 653 0# - TERMINO DE INDIZACION - NO CONTROLADO | |
| Término no controlado | Contexto escolar |
| 653 0# - TERMINO DE INDIZACION - NO CONTROLADO | |
| Término no controlado | Niños |
| 653 0# - TERMINO DE INDIZACION - NO CONTROLADO | |
| Término no controlado | Adolescentes |
| 773 ## - ENLACE AL DOCUMENTO FUENTE/ENTRADA DE REGISTRO ANFITRIÓN | |
| Parte(s) relacionada(s) | No. 365, (2016), p. 55-61 |
| Título | Revista padres y maestros |
| Número Internacional Normalizado para Publicaciones Seriadas | 2255-1042 |
| 856 4# - LOCALIZACIÓN Y ACCESO ELECTRÓNICOS | |
| Identificador Uniforme del Recurso | <a href="https://revistas.comillas.edu/index.php/padresymaestros/article/view/6677/64">https://revistas.comillas.edu/index.php/padresymaestros/article/view/6677/64</a> |
| 856 4# - LOCALIZACIÓN Y ACCESO ELECTRÓNICOS | |
| Identificador Uniforme del Recurso | <a href="https://doi.org/10.14422/pym.i365.y2016.008">https://doi.org/10.14422/pym.i365.y2016.008</a> |
| 902 ## - ELEMENTOS DE DATOS B LOCAL, LDB (RLIN) | |
| Creó | Leonor Sotres/260825 |
| 905 ## - TIPO DE MATERIAL | |
| Tipo de material | Articulo |
| 942 ## - ELEMENTOS DE PUNTO DE ACCESO ADICIONAL (KOHA) | |
| Tipo de ítem Koha | Artículo Electrónico |
| Estado de retiro | Estado de pérdida | Estado dañado | No para préstamo | Código de colección | Localización permanente | Ubicación/localización actual | Ubicación en estantería | Fecha de adquisición | Total de préstamos | Fecha visto por última vez | Identificador Uniforme del Recurso | Precio válido a partir de | Tipo de ítem Koha |
|---|---|---|---|---|---|---|---|---|---|---|---|---|---|
| Acceso abierto | Bib. Gregorio Torres Quintero | Bib. Gregorio Torres Quintero | En línea | 26/08/2025 | 26/08/2025 | https://revistas.comillas.edu/index.php/padresymaestros/article/view/6677/64 | 26/08/2025 | Artículo Electrónico |
